[Event "La Pobla de Lillet op 26th"]
[Site "La Pobla de Lillet"]
[Date "2016.08.10"]
[Round "9.9"]
[White "Gabarro Sole, Ramon"]
[Black "Collell Rodriguez, Victor"]
[Result "1/2-1/2"]
[WhiteElo "2058"]
[BlackElo "1860"]
[PlyCount "83"]
[EventDate "2016.08.02"]
[EventType "swiss"]
[EventRounds "9"]
[EventCountry "ESP"]
[SourceTitle "EXT 2024"]
[Source "ChessBase"]
[SourceDate "2023.10.10"]
[SourceVersion "1"]
[SourceVersionDate "2023.10.10"]
[SourceQuality "1"]

1. d4 Nf6 2. Nf3 c5 3. d5 d6 4. Nc3 a6 5. a4 g6 6. e4 Bg7 7. h3 0-0 8. Bd3 e6 9. 0-0 exd5 10. exd5 Re8 11. Bf4 b6 12. Qd2 Bb7 13. Bg5 Qc7 14. Rfe1 Nbd7 15. Bc4 Rad8 16. Rxe8+ Rxe8 17. Qd3 Qc8 18. Rd1 Qa8 19. Bf4 Bf8 20. g4 Qc8 21. g5 Nh5 22. Bh2 Ng7 23. h4 Nf5 24. Ne4 Bg7 25. c3 Ne5 26. Bxe5 Bxe5 27. Nxe5 Rxe5 28. Nf6+ Kg7 29. Ng4 Re7 30. h5 Qe8 31. hxg6 Re1+ 32. Rxe1 Qxe1+ 33. Kh2 hxg6 34. Qe2 Qxe2 35. Bxe2 Kf8 36. Nf6 Ke7 37. Bd3 Bc8 38. Kg2 Ng7 39. Kf3 Ne8 40. Nxe8 Kxe8 41. b4 cxb4 42. cxb4 1/2-1/2

[Event "Balaguer op 13th"]
[Site "Balaguer"]
[Date "2008.07.21"]
[Round "8"]
[White "Djingarova, Emilia"]
[Black "Gabarro Sole, Ramon"]
[Result "1-0"]
[WhiteElo "2305"]
[BlackElo "2113"]
[PlyCount "119"]
[EventDate "2008.07.14"]
[EventType "swiss"]
[EventRounds "10"]
[EventCountry "ESP"]
[SourceTitle "CBM 125 Extra"]
[Source "ChessBase"]
[SourceDate "2008.09.01"]
[SourceVersion "1"]
[SourceVersionDate "2008.09.01"]
[SourceQuality "1"]

1. Nf3 c5 2. c4 g6 3. g3 Bg7 4. Bg2 Nh6 5. d4 cxd4 6. Nxd4 Nc6 7. Nxc6 dxc6 8. Qa4 0-0 9. 0-0 Bg4 10. Nc3 Qc8 11. Qb4 Re8 12. Bg5 Bf8 13. c5 f6 14. Be3 Nf7 15. f3 Be6 16. b3 Bg7 17. Rad1 Rd8 18. Bd4 a5 19. Qa3 Bh3 20. Na4 Bxg2 21. Kxg2 Ng5 22. Nb6 Qh3+ 23. Kg1 Rab8 24. Qa4 e5 25. Qc4+ Ne6 26. Be3 h5 27. Nd7 Ra8 28. Rd6 Kh7 29. Nxf6+ Bxf6 30. Qxe6 Qxe6 31. Rxe6 Kg7 32. Rd6 Be7 33. Rdd1 Rd5 34. Kg2 Kf6 35. Rc1 a4 36. b4 Rad8 37. Rc3 Kf5 38. Ra3 Ra8 39. h3 Ke6 40. f4 exf4 41. Bxf4 Rd4 42. Re3+ Kd7 43. Be5 Rd5 44. Bg7 Rf5 45. Rd1+ Ke8 46. Be5 Rd8 47. Bd6 Rd7 48. Rf1 Rxf1 49. Kxf1 Kf7 50. Bxe7 Rxe7 51. Rxe7+ Kxe7 52. Kf2 Kf6 53. Ke3 Ke5 54. Kd3 g5 55. e3 a3 56. e4 Kf6 57. Kd4 g4 58. e5+ Kg5 59. hxg4 hxg4 60. Ke4 1-0

[Event "Balaguer op 13th"]
[Site "Balaguer"]
[Date "2008.07.20"]
[Round "7"]
[White "Gabarro Sole, Ramon"]
[Black "Ramon Perez, Jose Luis"]
[Result "1/2-1/2"]
[WhiteElo "2113"]
[BlackElo "2311"]
[PlyCount "87"]
[EventDate "2008.07.14"]
[EventType "swiss"]
[EventRounds "10"]
[EventCountry "ESP"]
[SourceTitle "CBM 125 Extra"]
[Source "ChessBase"]
[SourceDate "2008.09.01"]
[SourceVersion "1"]
[SourceVersionDate "2008.09.01"]
[SourceQuality "1"]

1. Nf3 g6 2. e4 Bg7 3. d4 c5 4. Nc3 Qa5 5. Be2 Nc6 6. d5 Nd4 7. Bd2 d6 8. 0-0 Nf6 9. a4 0-0 10. Nb5 Nxf3+ 11. Bxf3 Qd8 12. Bc3 a6 13. Na3 e5 14. dxe6 Bxe6 15. e5 dxe5 16. Bxe5 Nd5 17. Bxg7 Kxg7 18. c4 Nb4 19. Bxb7 Ra7 20. Be4 Rd7 21. Qf3 Kg8 22. Rad1 f5 23. Bb1 Qf6 24. Qe3 Rd4 25. Rxd4 cxd4 26. Qd2 a5 27. b3 d3 28. Nb5 f4 29. Re1 f3 30. Qe3 Bf5 31. Nd4 d2 32. Qxd2 Bxb1 33. Nxf3 Bc2 34. Qe3 Nd3 35. Re2 Qa1+ 36. Ne1 Nxe1 37. Rxe1 Qf6 38. Rc1 Rd8 39. h3 Qd6 40. Rxc2 Qd1+ 41. Kh2 Qxc2 42. Qe6+ Kf8 43. Qf6+ Ke8 44. Qe6+ 1/2-1/2

[Event "Mislata op 15th"]
[Site "Mislata"]
[Date "2007.08.25"]
[Round "4"]
[White "Gabarro Sole, Ramon"]
[Black "Gomez Jurado, Luis Alberto"]
[Result "1-0"]
[WhiteElo "2113"]
[BlackElo "2301"]
[PlyCount "61"]
[EventDate "2007.08.22"]
[EventType "swiss"]
[EventRounds "9"]
[EventCountry "ESP"]
[SourceTitle "CBM 120 Extra"]
[Source "ChessBase"]
[SourceDate "2007.11.01"]
[SourceVersion "1"]
[SourceVersionDate "2007.11.01"]
[SourceQuality "1"]

1. e4 c5 2. Nc3 Nc6 3. Nf3 Nf6 4. Bb5 Qc7 5. 0-0 g6 6. Re1 Bg7 7. h3 e5 8. Nd5 Nxd5 9. exd5 Nd4 10. Nxd4 cxd4 11. c4 a6 12. Ba4 Qxc4 13. Bb3 Qc5 14. d3 0-0 15. Bd2 b5 16. Rc1 Qd6 17. Ba5 Bb7 18. Bc7 Qe7 19. Qg4 Rfe8 20. d6 Qf6 21. Qxd7 Rf8 22. Ba5 Bc8 23. Qc6 Bf5 24. Bd5 Bxd3 25. d7 Qe7 26. Qxa8 Rxa8 27. Rc8+ Bf8 28. d8Q Rxc8 29. Qxc8 Kg7 30. a3 Bf5 31. Qxa6 1-0

[Event "Catalunya Club op"]
[Site "Spain"]
[Date "1999.??.??"]
[Round "?"]
[White "Gabarro Sole, Ramon"]
[Black "Baeza Labat, Josep Miguel"]
[Result "1/2-1/2"]
[WhiteElo "2205"]
[BlackElo "1995"]
[PlyCount "100"]
[EventDate "1999.??.??"]
[EventType "swiss"]
[EventRounds "9"]
[EventCountry "ESP"]
[SourceTitle "EXT 2000"]
[Source "ChessBase"]
[SourceDate "1999.11.16"]
[SourceVersion "1"]
[SourceVersionDate "1999.11.16"]
[SourceQuality "1"]

1. e4 e5 2. Nf3 Nc6 3. Bb5 a6 4. Ba4 Nf6 5. 0-0 Nxe4 6. d4 b5 7. Bb3 d5 8. dxe5 Be6 9. Qe2 Be7 10. Rd1 0-0 11. c4 bxc4 12. Bxc4 dxc4 13. Rxd8 Rfxd8 14. Nc3 Nxc3 15. bxc3 Rab8 16. Bg5 Rd3 17. Bxe7 Nxe7 18. Rd1 Rbd8 19. Re1 Nd5 20. Qe4 Nxc3 21. Qc6 Nxa2 22. Qxa6 c3 23. Qa4 h6 24. h3 c5 25. Kh2 Nb4 26. Rc1 c2 27. Ne1 Rd1 28. Rxc2 Rxe1 29. Rxc5 Nd3 30. Qa5 Nxc5 31. Qxd8+ Kh7 32. Qd4 Rc1 33. f4 g6 34. h4 h5 35. Qd2 Rc4 36. Qe3 Nd7 37. Qf3 Nb6 38. Kg1 Nd5 39. f5 Rf4 40. fxg6+ fxg6 41. Qa3 Rxh4 42. Qd6 Bg8 43. e6 Re4 44. Qxd5 Rxe6 45. Qd7+ Kh8 46. Kh2 Re4 47. Kg3 Be6 48. Qe7 Rg4+ 49. Kf2 Bf5 50. g3 Re4 1/2-1/2

[Event "Catalunya Club op"]
[Site "Spain"]
[Date "1999.??.??"]
[Round "?"]
[White "Grillo Torres, Guillermo"]
[Black "Gabarro Sole, Ramon"]
[Result "0-1"]
[WhiteElo "2030"]
[BlackElo "2205"]
[PlyCount "42"]
[EventDate "1999.??.??"]
[EventType "swiss"]
[EventRounds "9"]
[EventCountry "ESP"]
[SourceTitle "EXT 2000"]
[Source "ChessBase"]
[SourceDate "1999.11.16"]
[SourceVersion "1"]
[SourceVersionDate "1999.11.16"]
[SourceQuality "1"]

1. e4 c6 2. d4 d5 3. Nc3 dxe4 4. Nxe4 Nf6 5. Nxf6+ gxf6 6. Nf3 Bg4 7. Bf4 Bxf3 8. Qxf3 Qxd4 9. Rd1 Qb6 10. Bc4 Qb4+ 11. c3 Qxc4 12. Rd4 Qb5 13. a4 Qb6 14. 0-0 Nd7 15. Qg4 0-0-0 16. b4 e5 17. a5 Qc7 18. Bg3 Bd6 19. Rc4 h5 20. Qe4 Kb8 21. a6 Nb6 0-1

[Event "Mollerussa op-A"]
[Site "Mollerusa"]
[Date "1997.??.??"]
[Round "2"]
[White "Banda Bolanos, Martin"]
[Black "Gabarro Sole, Ramon"]
[Result "0-1"]
[WhiteElo "2005"]
[BlackElo "2215"]
[PlyCount "108"]
[EventDate "1997.??.??"]
[EventType "swiss"]
[EventRounds "9"]
[EventCountry "ESP"]
[SourceTitle "EXT 2003"]
[Source "ChessBase"]
[SourceDate "2002.11.25"]
[SourceVersion "1"]
[SourceVersionDate "2002.11.25"]
[SourceQuality "1"]

1. d4 c5 2. e3 Nf6 3. Nf3 e6 4. Bd3 d5 5. c3 Nbd7 6. Nbd2 Bd6 7. 0-0 cxd4 8. exd4 0-0 9. Re1 Qc7 10. Nf1 e5 11. dxe5 Nxe5 12. Nxe5 Bxe5 13. h3 Be6 14. Qe2 Bd6 15. Bg5 Nd7 16. Rac1 Rfe8 17. Bb1 Nf8 18. Qh5 Qb6 19. b3 Rac8 20. Qd1 Ba3 21. Be3 Qc6 22. Bd4 Bxc1 23. Qxc1 f6 24. Ng3 Bf7 25. Nf5 Ng6 26. Bd3 Rxe1+ 27. Qxe1 Re8 28. Qd2 Ne5 29. Be2 Qd7 30. Ne3 Nc6 31. Bc5 b6 32. Ba3 d4 33. Bb5 Rd8 34. Nf1 d3 35. Ng3 a6 36. Bxc6 Qxc6 37. Nf5 Qe4 38. Ng3 Qe5 39. Bc1 Bg6 40. f4 Qc5+ 41. Kf1 b5 42. b4 Qd5 43. Kg1 Be4 44. Nf1 Qc6 45. Ne3 Rc8 46. Bb2 Qe6 47. Bc1 Qd6 48. Nd1 f5 49. Bb2 Re8 50. g3 Qg6 51. Kh2 Qh5 52. Bc1 Qe2+ 53. Kg1 Bf3 54. Ne3 Rxe3 0-1

[Event "Mollerussa op-A"]
[Site "Mollerusa"]
[Date "1997.??.??"]
[Round "9"]
[White "Gabarro Sole, Ramon"]
[Black "Verdes Nadal, Ramon"]
[Result "1-0"]
[WhiteElo "2215"]
[BlackElo "2015"]
[PlyCount "47"]
[EventDate "1997.??.??"]
[EventType "swiss"]
[EventRounds "9"]
[EventCountry "ESP"]
[SourceTitle "EXT 2003"]
[Source "ChessBase"]
[SourceDate "2002.11.25"]
[SourceVersion "1"]
[SourceVersionDate "2002.11.25"]
[SourceQuality "1"]

1. e4 e6 2. d4 d5 3. Nc3 Bb4 4. e5 c5 5. a3 Bxc3+ 6. bxc3 Ne7 7. h4 Qc7 8. Rh3 Nbc6 9. h5 Bd7 10. h6 gxh6 11. Bxh6 Nf5 12. Bg5 cxd4 13. Bf6 Rg8 14. g4 Nxe5 15. gxf5 Rxg1 16. Qe2 d3 17. Qxe5 Qxe5+ 18. Bxe5 dxc2 19. Kd2 0-0-0 20. Rxh7 Bb5 21. fxe6 d4 22. e7 dxc3+ 23. Kxc2 Rdg8 24. Bh3+ 1-0

[Event "Barcelona op rap"]
[Site "Barcelona"]
[Date "1996.12.15"]
[Round "8"]
[White "Gabarro Sole, Ramon"]
[Black "Gracia Vergara, Ferran"]
[Result "1-0"]
[WhiteElo "2235"]
[BlackElo "2080"]
[PlyCount "86"]
[EventDate "1996.12.??"]
[EventType "swiss (rapid)"]
[EventRounds "8"]
[EventCountry "ESP"]
[SourceTitle "EXT 2001"]
[Source "ChessBase"]
[SourceDate "2000.11.22"]
[SourceVersion "1"]
[SourceVersionDate "2000.11.22"]
[SourceQuality "1"]

1. Nf3 d5 2. g3 c5 3. Bg2 Nc6 4. c4 e6 5. 0-0 Nf6 6. d4 Be7 7. dxc5 Bxc5 8. a3 0-0 9. b4 Be7 10. c5 a6 11. Bb2 b6 12. cxb6 Qxb6 13. Nc3 Bd7 14. Qd3 Rac8 15. Rab1 Na7 16. Ne5 Bb5 17. Nxb5 Nxb5 18. a4 Nd6 19. Bd4 Qb7 20. Bc5 Nfe4 21. Bxe4 Nxe4 22. Bxe7 Qxe7 23. f3 Nd6 24. Qxa6 Ra8 25. Qd3 Rxa4 26. Rfc1 Qb7 27. b5 f6 28. Nc6 Rfa8 29. Qe3 Kf7 30. Qc5 Nc4 31. e4 Nd2 32. exd5 Nxf3+ 33. Kg2 Ng5 34. d6 Ne4 35. Qh5+ Kf8 36. Rc2 Nxd6 37. Qc5 Ra2 38. Qxd6+ Kf7 39. Rbb2 Rxb2 40. Rxb2 Ra1 41. Kh3 Qa8 42. Qe7+ Kg6 43. Qxe6 Rg1 1-0

[Event "Barcelona op rap"]
[Site "Barcelona"]
[Date "1996.12.15"]
[Round "8"]
[White "Rodriguez Vila, Andres"]
[Black "Gabarro Sole, Ramon"]
[Result "1-0"]
[WhiteElo "2565"]
[BlackElo "2235"]
[PlyCount "69"]
[EventDate "1996.12.??"]
[EventType "swiss (rapid)"]
[EventRounds "8"]
[EventCountry "ESP"]
[SourceTitle "EXT 2001"]
[Source "ChessBase"]
[SourceDate "2000.11.22"]
[SourceVersion "1"]
[SourceVersionDate "2000.11.22"]
[SourceQuality "1"]

1. e4 c5 2. Nf3 d6 3. d4 cxd4 4. Nxd4 Nf6 5. f3 Nc6 6. Nc3 Qb6 7. Nb3 g6 8. Qe2 Bg7 9. Be3 Qd8 10. 0-0-0 Be6 11. g4 Bxb3 12. cxb3 Qa5 13. Kb1 Nd7 14. Rc1 Nb4 15. Qb5 Qxb5 16. Bxb5 a6 17. Bxd7+ Kxd7 18. Na4 Ke6 19. Nb6 Rad8 20. Rc7 h5 21. g5 Rb8 22. Rhc1 Rhe8 23. R1c4 Nc6 24. Nd5 f6 25. Rc1 Kf7 26. Nb6 Ne5 27. f4 Ng4 28. Bg1 fxg5 29. fxg5 Ne5 30. Nd5 Nc6 31. Be3 Rec8 32. Rf1+ Ke8 33. Ba7 Ra8 34. Bb6 Rab8 35. Nf4 1-0

[Event "Barcelona op rap"]
[Site "Barcelona"]
[Date "1996.12.14"]
[Round "3"]
[White "Vidarte Morales, Arturo"]
[Black "Gabarro Sole, Ramon"]
[Result "1-0"]
[WhiteElo "2340"]
[BlackElo "2270"]
[PlyCount "58"]
[EventDate "1996.12.??"]
[EventType "swiss (rapid)"]
[EventRounds "8"]
[EventCountry "ESP"]
[SourceTitle "EXT 2001"]
[Source "ChessBase"]
[SourceDate "2000.11.22"]
[SourceVersion "1"]
[SourceVersionDate "2000.11.22"]
[SourceQuality "1"]

1. c4 c5 2. Nf3 e6 3. Nc3 d5 4. cxd5 exd5 5. d4 Nf6 6. g3 Nc6 7. Bg2 Be7 8. 0-0 0-0 9. Bg5 c4 10. b3 Qa5 11. Qc2 b5 12. Bxf6 Bxf6 13. Nxd5 Bxd4 14. Nxd4 Nxd4 15. Qe4 Nc6 16. bxc4 bxc4 17. Qxc4 Bd7 18. Rab1 Rac8 19. Rb5 Qa3 20. Qb3 Qa6 21. Qb1 Rfe8 22. Rb7 Bf5 23. e4 Rxe4 24. Bxe4 Bxe4 25. Qxe4 Qxb7 26. Rc1 Kh8 27. Rc5 Qd7 28. Qc4 h6 29. Kg2 Rd8 1-0